The theory of stochastic processes
Αποθηκεύτηκε σε:
| Κύριοι συγγραφείς: | , |
|---|---|
| Μορφή: | Βιβλίο |
| Γλώσσα: | English |
| Δημοσίευση: |
New York :
Wiley,
c1965
|
| Σειρά: | Wiley publications in statistics
|
| Θέματα: | |
| Ετικέτες: |
Προσθήκη ετικέτας
Δεν υπάρχουν, Καταχωρήστε ετικέτα πρώτοι!
|
MARC
| LEADER | 00000nam a2200000 i 4500 | ||
|---|---|---|---|
| 001 | 1/50652 | ||
| 008 | 070806r1965 eng d | ||
| 020 | |a 0-412-15170-7 | ||
| 035 | |l 10089512 | ||
| 040 | |a GR-MY-UA |b gre |e aacr | ||
| 041 | 0 | |a eng | |
| 082 | 0 | |a 519.1 |2 (22) | |
| 100 | 1 | |a Cox, D. R. |q (David Roxbee) |4 aut | |
| 245 | 1 | 4 | |a The theory of stochastic processes / |c [by] D.R. Cox [and] H.D. Miller |
| 260 | |a New York : |b Wiley, |c c1965 | ||
| 300 | |a x, 398 σ.; |c 24 εκ. | ||
| 490 | 1 | |a Wiley publications in statistics | |
| 500 | |a To Παράρτημα της Χίου διαθέτει την ανατύπωση, 2001 | ||
| 504 | |a Βιβλιογραφία : σ. 378-385 | ||
| 650 | 0 | 0 | |a Stochastic processes. |
| 700 | 1 | |a Miller, Hilton David. |4 aut | |
| 830 | 0 | |a Wiley publications in statistics | |
| 852 | |a INST |b CHIOS |e 20070806 |h 519.1 COX |p 005200025660 |q 005200025660 |t BK |y 0 | ||
| 901 | |a BIBL2-2007-2 | ||
| 909 | |a Χ |b 137236 | ||
| 922 | |a 2ΕΛΗ |b 200707 |c ΕΠΕΑΕΚ2/ΤΜΟΔ |d ΕΛΕΥΘΕΡΟΥΔΑΚΗΣ | ||
| 970 | |a ΒΑΡΦΗΣ |b ΒΑΓΓΕΛΗΣ |z 2007/08/06 | ||